000 00318nam a22001337a 4500
003 SGT
082 _a610
_bD10L
100 _aLAVEKAR,G.S,ED.
245 _aDESCRIPTIVE CATALOGUE OF MEDICAL MANUSCRIPTS
260 _aDELHI
_b MINISTRY OF HEALTH & FAMILY WELFARE
300 _a500
650 _aAYURVEDA
942 _2ddc
_cBK
999 _c8661
_d8661